| 000 | 00575 a2200181 4500 | ||
|---|---|---|---|
| 020 | _a013889759x | ||
| 040 | _aDLC | ||
| 082 | _a621.382 | ||
| 100 | _aTomasi, Wayne. | ||
| 245 |
_aElectronic communications systems : fundamentals through advanced _bfundamentals through advanced _cWayne Tomasi |
||
| 250 | _a3rd ed. | ||
| 260 |
_aUpper Saddle River, New Jersey : , c2007. _bPrentice Hall _c1998 |
||
| 300 |
_axviii, 1163 p. : _bill. _c; 27 cm. |
||
| 500 | _aIncludes Index | ||
| 600 | _aTelecommunication systems. | ||
| 700 | _4Tomasi, Wayne. | ||
| 942 |
_cBK _k621.382 TOM _2ddc |
||
| 999 |
_c4729 _d4729 |
||